| 000 | 00378pam a2200157a 44500 | ||
|---|---|---|---|
| 008 | 230515b2005 xxu||||| |||| 00| 0 eng d | ||
| 020 | _a81250-28145 | ||
| 041 | _aENGLISH | ||
| 082 | _a618.92/ARUL | ||
| 100 | _aARULKUMARAN S | ||
| 245 | _aMANAGMENT OF LABOUR | ||
| 250 | _a2 | ||
| 260 |
_aHYDERABAD _bORIENT LONGMAN _c2005 |
||
| 300 | _a426 | ||
| 650 | _aMANAGMENT OF LABOUR | ||
| 999 |
_c494681 _d494681 |
||